000 01145nam0a22002651 4500
001 rc\367879
005 20030307123613.1
035 _a(NLR Aleph) 005598813
090 _a6290684
_c6290684
100 _a20030307d1989 u |0rusy50 ca
101 0 _arus
102 _aRU
105 _aa |||||||||
200 1 _aСОВРЕМЕННОЕ состояние и перспективы развития голографии
_f[Подгот. А.К. Джинчарадзе и др.]
210 _aМ.
_cВНИИКИ
_d1989
215 _a[1], 20 с.
_cсхем.
_d21
225 1 _aОбзорная информация
_fГос. ком. СССР по стандартам, ВНИИ техн. информ., классиф. и кодирования (ВНИИКИ)
320 _aБиблиогр.: с. 18
702 1 _aДжинчарадзе
_bА. К.
_gАлександр Константинович
_4570
712 0 2 _aВНИИ техн. информации, классификации и кодирования
_3RU\NLR\AUTH\8810025845
801 0 _aRU
_bNLR
_gpsbo
801 1 _aRU
_bELAR
_2rusmarc
852 _aNLR
_j89-6/4929
942 _cBOOK
980 _aNB